000
00212 a2200097 4500
245
_a
90Robert Mugabe
_h
Text
020
_a
9780797458024
100
_a
National Gallery of zimbabwe
005
20191017173658.0
260
_c
2014
084
_a
NONE
999
_c
10585
_d
10585